000
00235nam a2200097Ia 4500
001
1158190
005
20250827011257.0
008
250824s9999 xx 000 0 und d
245
0
_a
KOMİK Mİ?
_c
CEYLAN TAŞ
260
_b
KETEBE YAYINLARI
999
_c
1158190
_d
1158190